Studies in the quantity theory of money / (Record no. 148638)

MARC details
000 -LEADER
campo de control de longitud fija 00674nam a2200205 4500
001 - NÚMERO DE CONTROL
campo de control 148638
003 - IDENTIFICADOR DE NÚMERO DE CONTROL
campo de control ES-MaACL
005 - FECHA Y HORA DE LA ÚLTIMA TRANSACCIÓN
campo de control 20230906202735.0
007 - CAMPO FIJO DE DESCRIPCIÓN FÍSICA--INFORMACIÓN GENERAL
campo de control de longitud fija t|
008 - DATOS DE LONGITUD FIJA--INFORMACIÓN GENERAL
campo de control de longitud fija 070214s1956 xxu r ||||1| eng d
245 00 - MENCIÓN DEL TÍTULO
Título Studies in the quantity theory of money /
Mención de responsabilidad, etc. edited by Milton Friedman ; with essays by Milton Friedman... [et al.].
260 ## - PUBLICACIÓN, DISTRIBUCIÓN, ETC.
Lugar de publicación, distribución, etc. Chicago [etc.] :
Nombre del editor, distribuidor, etc. The University of Chicago Press,
Fecha de publicación, distribución, etc. 1956.
300 ## - DESCRIPCIÓN FÍSICA
Extensión 265 p. ;
Dimensiones 23 cm.
490 1# - MENCIÓN DE SERIE
Mención de serie Phoenix Book
700 0# - ENTRADA AGREGADA--NOMBRE PERSONAL
Nombre de persona Friedman, Milton (
Fechas asociadas al nombre 1912-2006)
9 (RLIN) 52636
710 2# - ENTRADA AGREGADA--NOMBRE DE ENTIDAD CORPORATIVA
Nombre de entidad corporativa o nombre de jurisdicción como elemento de entrada University of Chicago.
9 (RLIN) 7508
830 0# - PUNTO DE ACCESO ADICIONAL DE SERIE-TÍTULO UNIFORME
Título uniforme Phoenix Book
9 (RLIN) 221030
852 ## - LOCALIZACIÓN
Ubicación ES-MaACL
Número de control de estantería L-9263
Sublocalización o colección R.111096
Holdings
Estatus retirado Estado de pérdida Estado de daño No para préstamo Biblioteca de origen Biblioteca actual Ubicación en estantería Fecha de adquisición Fuente de adquisición Total de préstamos Signatura topográfica completa Código de barras Visto por última vez Precio de reemplazo Tipo de ítem Koha
        Biblioteca del Ateneo de Madrid Biblioteca del Ateneo de Madrid Depósito 2 17/01/2008     L-9263 1155112 23/02/2023 23/02/2023 Libro impreso